| 000 | 00586nam a2200217Ia 4500 | ||
|---|---|---|---|
| 003 | OSt | ||
| 005 | 20221007065311.0 | ||
| 006 | a|||||r|||| 00| 0 | ||
| 007 | ta | ||
| 008 | 221006b |||||||| |||| 00| 0 eng d | ||
| 024 | _a3,133 | ||
| 037 | _cTextual | ||
| 040 |
_aFLL _cFLL _beng |
||
| 041 |
_2eng _aeng |
||
| 082 | _aZ1,17, L8 | ||
| 100 | _aSaxena J.N. Au. | ||
| 245 | 0 |
_aSelf determination _b From biafra to Bangladesh |
|
| 260 |
_aDelhi _bUniversity of Delhi India _c1978 |
||
| 942 |
_hZ1,17, L8 _cTEXL _2CC |
||
| 999 |
_c1136912 _d1136912 |
||